000 01435nam a22003017a 4500
005 20080918163843.0
008 080918t xxu||||| |||| 00| 0 hin d
010 _aHIN-92648
020 _a9788190422680
_c175.00
035 _aHN-64994
037 _bDBAD / PUB
040 _aDPL
_bHN
082 _a598
100 _9747
_aसीताराम सिंह पंकज
245 _aपक्षियों का संसार /
_cसीताराम सिंह पंकज
260 _aदिल्ली
_bआकाशगंगा प्रकाशन
_c2011
270 _a1/11437,सुभाष पार्क एक्सटेंशन, गली नं-2, नवीन शाहदरा
_bदिल्ली
_e110032
300 _a112पृ.
_c22सेमी (सजिल्द)
_bसचित्र
650 _9697
650 _9698
700 _927881
700 _927882
700 _927883
942 _2ddc
_cHN
_mसीतारा
_h598
999 _c52274
_d52274